00437nam a2200157Ia 45000010006000000050017000060080041000230410008000640820017000721000033000892450104001222600009002263000028002356500008002636540008002711726920260306170412.0260306t2012||||xx |||||||||||||| ||und|| aESP a657.61bF43F aFerrer Quea, Alejandro,eAUT 0aNormas internacionales de información financiera - NIIF's fundamentalescomentarios y aplicaciones c2012 a448 páginas :c24 cm. aGEN aCHU